000 00267nam a22001097a 4500
008 170117b xxu||||| |||| 00| 0 eng d
020 _a9780781748384
041 _aeng
080 _23RD
_a618.2
245 _aCLINICAL CALCULATIONS MADE EASY
_cCRAIG, G.P
942 _2udc
_cBK
999 _c3008
_d3008